=LDR 00000nam 2200000 4500 =001 INLIS000000000000261 =005 20230624035904 =035 ##$$a 0010-0421000096 =245 1#$$a Kunci Pintu Berbasis Arduino dan Fingerprint dengan Sistem Pengamanan Kamera : $b Tugas Akhir /$c Bambang Sutrawan =100 1#$$a SUTRAWAN, Bambang =250 ##$$a 2019 =300 ##$$a xii, 43 halaman : $b tabel; gambar ; $c 20x29 cm$e lampiran =856 ##$$a OPAC (Rak TA OSP 2019) =260 ##$$a Makassar :$b Politeknik ATI Makassar. Otomasi Sistem Permesinan,$c 2019 =082 ##$$a (R)2019 TA-OSP 818 =084 ##$$a (R)2019 TA-OSP 818 SUT k =650 #4$$a Tugas Akhir OSP 2019 =520 ##$$a Keamanan rumah mulai bergeser dengan menggunakan teknologi. Penelitian ini bertujuan membuat sistem untuk mengganti kunci pintu mekanik dengan menggunakan sidik jari, serta memberikan sistem keamanan dengan menggunakan kamera. Kunci pintu akan digantikan sidik jari, fingerprint berbasis Arduino mega pro ekstra mini dan kemudian dikirim ke komputer untuk dapat dicocokkan dengan database komputer akan menentukan pintu dibukakan atau tidak. Sensor sidik jari dapat membaca dengan presentase 90% serta kamera dapat mengakses membuka pintu dengan menggunakan sidik jari dan capture. =008 230624################|##########|#|## =990 ##$$a 191/TA OSP 2019